• 首页
  • 本馆介绍
  • 公告通知
  • 最新文献
  • 馆藏检索
  • 电子资源
  • 读者导购
  • 参考咨询
  • 我的图书馆
  • 登录
  • 详细信息显示
  • 放入我的书架
  • 预约/预借图书
  • 作者相关作品
  • 分类相关作品
  • 丛书相关作品
  • 出版社相关作品

书目信息

  • 表格格式
  • 工作单格式
  • 卡片格式
题名:
别让惯性思维骗了你
    
 
作者: 常亚北 著
分册:  
出版信息: 宁波   宁波出版社  2017
页数: 228页
开本: 24cm
丛书名:
单 册:
中图分类: B804-49
科图分类:
主题词: 思维形式--通俗读物
电子资源:
ISBN: 978-7-5526-2743-5
000 00575nam0 2200205 450
001 5714
005 20180529215946.80
010    @a978-7-5526-2743-5@dCNY39.80
100    @a20170427d2017 em y0chiy50 ea
101 0  @achi
102    @aCN@b330000
105    @ay z 000yy
200 1  @a别让惯性思维骗了你@9bie rang guan xing si wei pian le ni@f常亚北著
210    @a宁波@c宁波出版社@d2017
215    @a228页@d24cm
606 0  @a思维形式@j通俗读物
690    @aB804-49@v5
701  0 @a常亚北@9chang ya bei@4著
801  0 @aCN@b91MARC@c20170427
905    @aMuseLib@dB804-49@e106
    
    别让惯性思维骗了你/常亚北著.-宁波:宁波出版社,2017
    228页;24cm
    
    
    ISBN 978-7-5526-2743-5:CNY39.80
    
●
相关链接 在E读中查询图书 在五车中查询图书 在当当中查询图书 在豆瓣中查询图书


正题名:别让惯性思维骗了你     索取号:B804-49/106         预约/预借

序号 登录号 条形码 馆藏地/架位号 状态 备注
1 1114522   211145223   第一样本阅览室/ [索取号:B804-49/106] 在馆    
2 1114523   211145232   教育系资料室/ [索取号:B804-49/106] 在馆    
3 1114524   211145241   教育系资料室/ [索取号:B804-49/106] 在馆    
4 1114525   211145250   教育系资料室/ [索取号:B804-49/106] 在馆    
5 1114526   211145269   第一借阅区/ [索取号:B804-49/106] 在馆    
6 1114527   211145278   第一借阅区/ [索取号:B804-49/106] 在馆    
唐山师范学院图书馆 欢迎您!
大连网信软件有限公司© 版权所有